000 00292nam a2200109Ia 4500
008 171204s9999 xx 000 0 und d
245 _aCss3 For Web Designers:
245 _cDan Cederholm
260 _c2014
650 _xWeb Design
856 _uhttp://down.ebook777.com/CssForWebDes2ndEdi.pdf
999 _c346009
_d346009